Państwa Ameryki Północnej - Quiz na mapie - Statystyki

Ogólne statystyki
  • Ten quiz został rozwiązany 4 309 razy
  • Średni wynik to 13 z 23
Odpowiedzi na mapie
Odpowiedzi zakodowano w zielono-czerwonej skali na mapie do tego quizu, zgodnie z poniższymi procentami.
 
Statystyki odpowiedzi
Odpowiedź % Poprawnych
Stany Zjednoczone
93%
Meksyk
92%
Kanada
90%
Panama
73%
Kuba
72%
Bahamy
67%
Haiti
64%
Jamajka
64%
Belize
63%
Kostaryka
63%
Dominikana
62%
Gwatemala
62%
Salwador
60%
Honduras
59%
Nikaragua
59%
Trynidad i Tobago
42%
Antigua i Barbuda
34%
Barbados
34%
Dominika
32%
Grenada
30%
Saint Lucia
30%
Saint Vincent i Grenadyny
30%
Saint Kitts i Nevis
29%
Nie znaleziono quizów pasujących do podanych kryteriów
Rozkład punktacji
Procent ludzi z każdym wynikiem
Percentyl według liczby udzielonych odpowiedzi
Twoja historia wyników
Nie rozwiązałeś tego quizu